Famous Playwrights Lesser Known Plays Quiz Stats

Quiz not verified by Sporcle

Challenge
Share
Tweet
Embed
Score 0/20 Timer 05:00
0 Plays Today
Play Playwright % Correct
Timon of AthensWilliam Shakespeare
87.3%
The Wild DuckHenrik Ibsen
70.2%
The Night of the IguanaTennessee Williams
69.7%
Lady Windemere's FanOscar Wilde
67.1%
IvanovAnton Chekhov
63.6%
The CaretakerHarold Pinter
50.4%
Happy DaysSamuel Beckett
44.3%
The PriceArthur Miller
35.1%
The School for HusbandsMoliere
34.2%
King Hedley IIAugust Wilson
31.1%
Play Playwright % Correct
EdmondDavid Mamet
26.3%
A Bright Room Called DayTony Kushner
23.7%
HapgoodTom Stoppard
20.6%
Jake's WomenNeil Simon
19.7%
The Ballad of the Sad CafeEdward Albee
18.4%
A Skull in ConnemaraMartin McDonagh
16.2%
The Basic Training of Pavlo HummelDavid Rabe
14.9%
Savage in LimboJohn Patrick Shanley
9.2%
ActionSam Shepard
7.5%
A Devil InsideDavid Lindsay-Abaire
4.4%

You're not logged in!

Compare scores with friends on all Sporcle quizzes.
Join for Free
OR
Log In

You Might Also Like...

Show Comments

Extras

Curator's Pick Dec 13, 2016ReportNominate
Tags:Famous Quiz, Play Quiz, known, lesser, playwright

Top Quizzes Today


Score Distribution

Your Account Isn't Verified!

In order to create a playlist on Sporcle, you need to verify the email address you used during registration. Go to your Sporcle Settings to finish the process.

Report this User

Report this user for behavior that violates our Community Guidelines.

Details: